[Event "N�_LL 2008/09"]
[Site "?"]
[Date "2008.12.14"]
[Round "7"]
[White "Mahdy, Khaled"]
[Black "Janetschek, Karl"]
[Result "1/2-1/2"]
[WhiteElo "2388"]
[BlackElo "2244"]
[Annotator "Zwettl : Krems"]
[PlyCount "45"]
[EventDate "2008.11.10"]
[SourceDate "2009.01.17"]

1. e4 c5 2. Nf3 e6 3. d4 cxd4 4. Nxd4 Nf6 5. Bd3 Nc6 6. Nxc6 dxc6 7. O-O e5 8.
Nd2 Bc5 9. Nc4 Qc7 10. Qf3 Be6 11. Bg5 Nd7 12. a3 f6 13. Bd2 Nb6 14. Na5 Qf7
15. Bb4 Bxb4 16. axb4 O-O 17. Rfd1 Rad8 18. Bf1 Qe7 19. Qc3 Na4 20. Qa3 Nb6 21.
Qc3 Na4 22. Qa3 Nb6 23. Qc3 1/2-1/2

[Event "N�_LL 2008/09"]
[Site "?"]
[Date "2008.12.14"]
[Round "7"]
[White "Vykydal, Frantisek"]
[Black "Winiwarter, Felix"]
[Result "1-0"]
[WhiteElo "2242"]
[BlackElo "2189"]
[Annotator "Zwettl : Krems"]
[PlyCount "127"]
[EventDate "2008.11.10"]
[SourceDate "2009.01.17"]

1. e4 c5 2. Nc3 Nc6 3. g3 g6 4. Bg2 Bg7 5. d3 d6 6. Be3 e6 7. Qd2 Nge7 8. Bh6
O-O 9. h4 f5 10. h5 Nd4 11. Bxg7 Kxg7 12. hxg6 hxg6 13. Qh6+ Kf6 14. O-O-O Bd7
15. exf5 exf5 16. Bxb7 Rb8 17. Nd5+ Nxd5 18. Bxd5 Rh8 19. Qxh8+ Qxh8 20. Rxh8
Rxh8 21. Nf3 Nxf3 22. Bxf3 Rh2 23. Rd2 g5 24. Bd5 f4 25. gxf4 gxf4 26. f3 Rh1+
27. Rd1 Rh5 28. Bb7 Be6 29. c4 Bf7 30. Kc2 Rh2+ 31. Rd2 Rh3 32. Kc3 Bh5 33. Rf2
Ke5 34. a3 a5 35. b3 Rg3 36. Bd5 Rh3 37. Re2+ Kf6 38. Re6+ Kg7 39. Rxd6 Bxf3
40. Bxf3 Rxf3 41. Rd5 Rf1 42. Rxc5 f3 43. Kd2 Rb1 44. Rf5 Rxb3 45. Rxf3 Rxa3
46. Kc2 a4 47. Rf1 Ra2+ 48. Kc3 Ra3+ 49. Kd4 Rb3 50. Ra1 a3 51. c5 Rb4+ 52. Kc3
Ra4 53. Kb3 Rd4 54. Rxa3 Rxd3+ 55. Kb4 Rd4+ 56. Kb5 Kf6 57. Re3 Rd1 58. Kb6
Rb1+ 59. Kc7 Rc1 60. c6 Rc2 61. Kb7 Rb2+ 62. Kc8 Rc2 63. c7 Rc1 64. Rb3 1-0

[Event "N�_LL 2008/09"]
[Site "?"]
[Date "2008.12.14"]
[Round "7"]
[White "W�ber, Friedrich"]
[Black "Wagner, Stefan"]
[Result "1-0"]
[WhiteElo "2131"]
[BlackElo "2160"]
[Annotator "Zwettl : Krems"]
[PlyCount "79"]
[EventDate "2008.11.10"]
[SourceDate "2009.01.17"]

1. e4 c5 2. Nf3 Nc6 3. d4 cxd4 4. c3 d3 5. Bxd3 d6 6. O-O Nf6 7. c4 g6 8. Nc3
Bg7 9. h3 O-O 10. Be3 a6 11. Rc1 Nd7 12. Qd2 Nde5 13. Be2 Be6 14. Nd5 Nxf3+ 15.
Bxf3 Ne5 16. Be2 b5 17. c5 dxc5 18. Bxc5 Bxd5 19. exd5 Nd7 20. b4 Be5 21. Rfd1
Bd6 22. Bd4 Rc8 23. Rc6 Nb8 24. Qh6 f6 25. Rxc8 Qxc8 26. Bg4 Qd8 27. Be6+ Kh8
28. Bb6 Qe8 29. Rd4 g5 30. h4 Be5 31. Re4 Rg8 32. Bxg8 Qxg8 33. hxg5 Nd7 34.
Bd4 Qxd5 35. g6 Qg8 36. Bxe5 Nxe5 37. Qxh7+ Qxh7 38. gxh7 Kxh7 39. g4 Nc6 40.
a3 1-0

[Event "N�_LL 2008/09"]
[Site "?"]
[Date "2008.12.14"]
[Round "7"]
[White "Zwettler, Martin"]
[Black "Gruszka, Herbert"]
[Result "1/2-1/2"]
[WhiteElo "2145"]
[BlackElo "1990"]
[Annotator "Zwettl : Krems"]
[PlyCount "26"]
[EventDate "2008.11.10"]
[SourceDate "2009.01.17"]

1. d4 Nf6 2. Nf3 e6 3. e3 c5 4. Bd3 Nc6 5. O-O d5 6. c3 Qc7 7. Nbd2 Bd6 8. Qe2
Ng4 9. h3 Nf6 10. dxc5 Bxc5 11. e4 dxe4 12. Nxe4 Be7 13. Re1 Bd7 1/2-1/2

[Event "N�_LL 2008/09"]
[Site "?"]
[Date "2008.12.14"]
[Round "7"]
[White "Bawart, Markus"]
[Black "Trkulja, Zoran"]
[Result "1/2-1/2"]
[WhiteElo "2349"]
[BlackElo "2211"]
[Annotator "Bisamberg/Korneuburg : Baden"]
[PlyCount "58"]
[EventDate "2008.11.10"]
[SourceDate "2009.01.20"]

1. Nf3 Nf6 2. b3 d5 3. Bb2 Bg4 4. e3 Nbd7 5. h3 Bxf3 6. Qxf3 e5 7. g4 h6 8. Nc3
c6 9. h4 Nh7 10. O-O-O Bd6 11. g5 Qe7 12. Bh3 O-O-O 13. gxh6 gxh6 14. Rdg1 Nhf6
15. Rg7 Kc7 16. Bxd7 Rxd7 17. Rhg1 Qe6 18. Ne2 a5 19. Nc3 b5 20. a4 b4 21. Ne2
c5 22. d3 Rc8 23. Kb1 Kb6 24. Ng3 Bf8 25. Nf5 Bxg7 26. Nxg7 Qd6 27. Nf5 Qe6 28.
Ng7 Qd6 29. Nf5 Qe6 1/2-1/2

[Event "N�_LL 2008/09"]
[Site "?"]
[Date "2008.12.14"]
[Round "7"]
[White "Sadilek, Peter"]
[Black "Sulyok, Michael"]
[Result "0-1"]
[WhiteElo "2167"]
[BlackElo "2204"]
[Annotator "Bisamberg/Korneuburg : Baden"]
[PlyCount "82"]
[EventDate "2008.11.10"]
[SourceDate "2009.01.20"]

1. e4 g6 2. d4 Bg7 3. Nc3 d6 4. f4 a6 5. Nf3 b5 6. Bd3 Nd7 7. e5 c5 8. Be3 Bb7
9. Be4 Bxe4 10. Nxe4 Nh6 11. dxc5 Ng4 12. Bg1 dxe5 13. h3 Ngf6 14. Nxf6+ exf6
15. Qd6 Bf8 16. Qd5 Nxc5 17. Qxd8+ Rxd8 18. fxe5 fxe5 19. Nxe5 Rd5 20. Ng4 Ne4
21. Bb6 h5 22. c4 bxc4 23. Ne3 Bb4+ 24. Kf1 Ng3+ 25. Kg1 Rb5 26. Nxc4 Nxh1 27.
Bd4 O-O 28. Kxh1 Re8 29. a3 Bf8 30. Bc3 Re2 31. Rd1 Bg7 32. Rd8+ Kh7 33. Bxg7
Kxg7 34. Rd7 Rg5 35. Nd6 Rexg2 36. Rxf7+ Kg8 37. Rf1 Rxb2 38. Ne4 Ra5 39. Nf6+
Kg7 40. Rf3 Rb1+ 41. Kg2 Rg5+ 0-1

[Event "N�_LL 2008/09"]
[Site "?"]
[Date "2008.12.14"]
[Round "7"]
[White "Perndl, Johann"]
[Black "Reinwald, Patrick"]
[Result "0-1"]
[WhiteElo "1995"]
[BlackElo "2041"]
[Annotator "Bisamberg/Korneuburg : Baden"]
[PlyCount "74"]
[EventDate "2008.11.10"]
[SourceDate "2009.01.20"]

1. e4 e5 2. Nf3 Nc6 3. d4 exd4 4. Bc4 Nf6 5. O-O Nxe4 6. Re1 d5 7. Bxd5 Qxd5 8.
Nc3 Qa5 9. Rxe4+ Be6 10. Nxd4 O-O-O 11. Nce2 Nxd4 12. Rxd4 Bc5 13. Rd2 Qb6 14.
Qf1 Rxd2 15. Bxd2 Qxb2 16. Bc3 Qxc2 17. Bxg7 Rg8 18. Rc1 Qxa2 19. Rxc5 Rxg7 20.
Nf4 b6 21. Rc1 Qa4 22. Nxe6 fxe6 23. Ra1 Qe4 24. Rxa7 Kb8 25. Ra3 c5 26. Re3
Qd5 27. Rd3 Rxg2+ 28. Qxg2 Qxd3 29. Qg8+ Kc7 30. Qf7+ Qd7 31. Qf4+ Kb7 32. h4
h5 33. Qf3+ Qd5 34. Qf7+ Ka6 35. Qe7 b5 36. Qc7 b4 37. Qc8+ Kb5 0-1

[Event "N�_LL 2008/09"]
[Site "?"]
[Date "2008.12.14"]
[Round "7"]
[White "Wetscherek, Gerhard"]
[Black "Berbati, Kadri"]
[Result "1-0"]
[WhiteElo "2107"]
[BlackElo "2007"]
[Annotator "Bisamberg/Korneuburg : Baden"]
[PlyCount "115"]
[EventDate "2008.11.10"]
[SourceDate "2009.01.20"]

1. e4 c5 2. Nf3 Nc6 3. c3 e6 4. d4 d5 5. exd5 Qxd5 6. Be2 cxd4 7. cxd4 Nf6 8.
Nc3 Bb4 9. O-O Qd7 10. Qb3 Bd6 11. Bg5 a6 12. Bxf6 gxf6 13. d5 Ne5 14. dxe6
fxe6 15. Rfd1 Qc7 16. Rac1 Nxf3+ 17. Bxf3 Bxh2+ 18. Kh1 Be5 19. Nd5 Qg7 20. Nb6
O-O 21. Nxc8 Kh8 22. Nb6 Rad8 23. Nc4 Rc8 24. Qe3 Bb8 25. Nb6 Rcd8 26. Rxd8
Rxd8 27. Kg1 e5 28. Rc8 Rxc8 29. Nxc8 Qd7 30. Qh6 Qf7 31. Bh5 Qg7 32. Qxg7+
Kxg7 33. Ne7 Ba7 34. Nf5+ Kf8 35. Be2 b5 36. Bd3 Kf7 37. Be4 Ke6 38. g4 a5 39.
b3 Bd4 40. Kf1 Bc3 41. Ke2 Bb2 42. Kd2 Ba3 43. Bd3 Bf8 44. Bxb5 e4 45. Bc6 Ke5
46. Ng3 Bh6+ 47. Ke2 Bf4 48. Nxe4 f5 49. gxf5 Kxf5 50. Kf3 Bc7 51. Nd2 h5 52.
Be8 h4 53. Bd7+ Ke5 54. Kg4 Bd8 55. f4+ Kd6 56. Bc8 Kc5 57. Be6 Kb4 58. a4 1-0

[Event "N�-Landesliga 2008/09"]
[Site "."]
[Date "2008.12.14"]
[Round "6"]
[White "Kleiser, Gregor"]
[Black "Weissenbeck, Manuel"]
[Result "0-1"]
[WhiteElo "2285"]
[BlackElo "2247"]
[Annotator "Mauerbach : Niederabsdorf"]
[PlyCount "78"]
[EventDate "2008.??.??"]
[TimeControl "240+2"]

1. d4 Nf6 2. Nf3 e6 3. g3 b6 4. Bg2 Bb7 5. O-O Be7 6. c4 O-O 7. Nc3 Ne4 8. Qd3
f5 9. Ne5 d5 10. Nxe4 dxe4 11. Qc3 Nd7 12. Bf4 a5 13. Rfd1 Bf6 14. c5 Bd5 15.
cxb6 cxb6 16. Nc6 Qc8 17. Rac1 Qb7 18. b4 axb4 19. Nxb4 Rfc8 20. Qb2 b5 21. Bf1
Bc4 22. e3 Nb6 23. Bd6 Bxf1 24. Rxf1 Nc4 25. Qb3 Ra3 26. Rxc4 Rxb3 27. Rxc8+
Qxc8 28. axb3 Qc3 29. Bc5 Qxb3 30. Ra1 h5 31. h4 Kh7 32. Nc6 f4 33. gxf4 Bxh4
34. Rf1 Qb2 35. Kg2 Qe2 36. Ne5 Bf6 37. Rh1 Bxe5 38. dxe5 Qf3+ 39. Kg1 h4 0-1

[Event "N�-Landesliga 2008/09"]
[Site "."]
[Date "2008.12.14"]
[Round "6"]
[White "P�tz, Florian"]
[Black "Schorn, Christoph"]
[Result "1-0"]
[WhiteElo "2173"]
[BlackElo "2166"]
[Annotator "Mauerbach : Niederabsdorf"]
[PlyCount "59"]
[EventDate "2008.??.??"]
[TimeControl "240+2"]

1. e4 c5 2. Nf3 d6 3. d4 cxd4 4. Nxd4 Nf6 5. Nc3 a6 6. Be3 Ng4 7. Bc1 Nf6 8. f3
e6 9. Be3 b5 10. g4 h6 11. Qd2 Bb7 12. O-O-O Nbd7 13. a3 d5 14. exd5 Nxd5 15.
Nxd5 Bxd5 16. Be2 Rc8 17. Kb1 Ne5 18. Rhe1 Qc7 19. Bf4 Nc4 20. Bxc7 Nxd2+ 21.
Rxd2 Rxc7 22. Nxb5 Rb7 23. Nc7+ Rxc7 24. Rxd5 Bb4 25. Bb5+ Ke7 26. axb4 axb5
27. Rxb5 Rd8 28. Rc5 Rb7 29. b5 Rd2 30. h4 1-0

[Event "N�-Landesliga 2008/09"]
[Site "."]
[Date "2008.12.14"]
[Round "6"]
[White "Tatzmann, Peter"]
[Black "Wiedermann, Daniel"]
[Result "1/2-1/2"]
[WhiteElo "2035"]
[BlackElo "2162"]
[Annotator "Mauerbach : Niederabsdorf"]
[PlyCount "37"]
[EventDate "2008.??.??"]
[TimeControl "240+2"]

1. e4 c5 2. Nf3 Nc6 3. Bb5 g6 4. c3 Bg7 5. O-O Nf6 6. Qa4 O-O 7. d4 cxd4 8.
cxd4 d6 9. Nc3 Bd7 10. d5 Na5 11. Be3 Rc8 12. Nd2 a6 13. Bxd7 Nxd7 14. Qb4 Nc5
15. Qa3 b5 16. b4 Bxc3 17. Qxc3 Nxe4 18. Qd4 Nxd2 19. Bxd2 1/2-1/2

[Event "N�-LL 2008/09"]
[Site "?"]
[Date "2008.12.14"]
[Round "7"]
[White "Sandh�fner, Florian"]
[Black "Ganaus, Hannes"]
[Result "1/2-1/2"]
[WhiteElo "2244"]
[BlackElo "2299"]
[Annotator "St.P�lten : Amstetten"]
[PlyCount "40"]
[EventDate "2008.12.16"]
[SourceDate "2008.12.16"]

1. e4 c6 2. d4 d5 3. Nd2 h6 4. Ngf3 Nf6 5. Bd3 dxe4 6. Nxe4 Nxe4 7. Bxe4 Bf5 8.
Bxf5 Qa5+ 9. c3 Qxf5 10. Qb3 Qb5 11. Qxb5 cxb5 12. a4 bxa4 13. Rxa4 e6 14. Ne5
Nd7 15. Bf4 Nxe5 16. Bxe5 f6 17. Bg3 Kd7 18. Kd2 Bd6 19. Bxd6 Kxd6 20. Rha1 a6
1/2-1/2

[Event "N�-LL 2008/09"]
[Site "?"]
[Date "2008.12.14"]
[Round "7"]
[White "Neumeier, Klaus"]
[Black "Rumpl, Erwin"]
[Result "1-0"]
[WhiteElo "2268"]
[BlackElo "2271"]
[Annotator "St.P�lten : Amstetten"]
[PlyCount "113"]
[EventDate "2008.??.??"]
[SourceDate "2008.12.16"]

1. e4 e6 2. d4 d5 3. Nc3 dxe4 4. Nxe4 Bd7 5. Nf3 Bc6 6. Bd3 Nd7 7. O-O Ngf6 8.
Ned2 Be7 9. Re1 O-O 10. Nc4 b6 11. Qe2 Bxf3 12. Qxf3 c5 13. Ne5 cxd4 14. Nc6
Qe8 15. Nxd4 Bc5 16. Nb5 Qd8 17. Bf4 Nd5 18. Be4 N7f6 19. Bg5 h6 20. Bxf6 Qxf6
21. Qxf6 gxf6 22. c4 Nb4 23. Bxa8 Rxa8 24. Red1 f5 25. a3 Nc6 26. b4 Bf8 27.
Nc7 Rc8 28. Na6 Bg7 29. Ra2 Nd4 30. c5 bxc5 31. Nxc5 a5 32. Rad2 e5 33. f4 f6
34. Rxd4 exd4 35. Ne6 Rc3 36. Rxd4 Rxa3 37. Rd7 Bf8 38. Rd8 Kf7 39. Nxf8 axb4
40. Rb8 Rc3 41. Nd7 Ke6 42. Nf8+ Kf7 43. h4 h5 44. Nh7 Rc7 45. Kf2 b3 46. g3 b2
47. Rxb2 Kg7 48. Ng5 fxg5 49. hxg5 h4 50. gxh4 Kg6 51. Rb5 Rc2+ 52. Ke3 Rh2 53.
Kd4 Rd2+ 54. Ke5 Re2+ 55. Kd6 Rh2 56. h5+ Rxh5 57. Ke5 1-0

[Event "N�_LL 2008/09"]
[Site "?"]
[Date "2008.12.14"]
[Round "7"]
[White "Gugler, Edgar"]
[Black "Denk, Adolf"]
[Result "0-1"]
[WhiteElo "2145"]
[BlackElo "2224"]
[Annotator "St.P�lten : Amstetten"]
[PlyCount "76"]
[EventDate "2008.??.??"]
[SourceDate "2008.12.16"]

1. d4 g6 2. Nf3 Bg7 3. Bf4 d6 4. e3 Nd7 5. h3 Ngf6 6. Be2 b6 7. O-O O-O 8. Bh2
Bb7 9. Nbd2 c5 10. c3 a6 11. a4 Ra7 12. Qb3 Qa8 13. Bd3 Bc6 14. c4 cxd4 15.
exd4 e5 16. d5 Nc5 17. Qc2 Bd7 18. Ng5 Rc8 19. b4 Nxd3 20. Qxd3 b5 21. axb5
axb5 22. Rxa7 Qxa7 23. c5 dxc5 24. Bxe5 Bf5 25. Qf3 Qa2 26. Bxf6 Qxd2 27. Rd1
Qxd1+ 28. Qxd1 Bxf6 29. h4 c4 30. d6 c3 31. d7 Rd8 32. Qd5 Rxd7 33. Qc6 c2 34.
Kh2 Bb2 35. Ne4 Bxe4 36. Qxe4 c1=Q 37. Qe8+ Kg7 38. Qxd7 Qf4+ 0-1

[Event "N�-LL 2008/09"]
[Site "?"]
[Date "2008.12.14"]
[Round "7"]
[White "R�hrl, Karl"]
[Black "Wadsack, Wolfgang"]
[Result "1-0"]
[WhiteElo "2218"]
[BlackElo "2201"]
[Annotator "St.P�lten : Amstetten"]
[PlyCount "143"]
[EventDate "2008.??.??"]
[SourceDate "2008.12.16"]

1. e4 d5 2. exd5 Nf6 3. Bb5+ Nbd7 4. Nf3 Nxd5 5. d4 c6 6. Be2 g6 7. c4 Nc7 8.
Nc3 Bg7 9. O-O O-O 10. Be3 Nb6 11. h3 Be6 12. b3 f6 13. Qd2 Bf7 14. Rfd1 Qe8
15. Bh6 Rd8 16. Bxg7 Kxg7 17. Qe3 Bg8 18. Bf1 Qf7 19. Re1 Rfe8 20. Rad1 Nd7 21.
d5 c5 22. Ne4 b6 23. Qc3 Qf8 24. g3 h6 25. h4 Kh7 26. h5 Bf7 27. d6 exd6 28.
Nxd6 Rxe1 29. Qxe1 gxh5 30. Qe4+ Bg6 31. Qb7 Ne6 32. Nb5 Qg7 33. Rd6 Nef8 34.
Bh3 f5 35. Qd5 Re8 36. Qd2 Ne5 37. Nxe5 Qxe5 38. Nxa7 h4 39. Nc6 Qa1+ 40. Kh2
hxg3+ 41. Kxg3 Qg7 42. Kh2 Re4 43. f4 Kh8 44. Bg2 Re8 45. Ne5 Bh5 46. Qd5 Nh7
47. Rd8 Qe7 48. Rxe8+ Bxe8 49. Kg1 Nf6 50. Qd3 Qe6 51. Qd8 Ne4 52. Bxe4 fxe4
53. Qa8 e3 54. Qf3 Qf5 55. Qxe3 Qb1+ 56. Kf2 Qxa2+ 57. Kg3 Qc2 58. Ng4 Qg6 59.
Qe5+ Kg8 60. f5 Qc6 61. Nxh6+ Qxh6 62. Qxe8+ Kg7 63. Qe7+ Kg8 64. Kg4 Qh2 65.
f6 Qg2+ 66. Kf5 Qf3+ 67. Ke5 Qe3+ 68. Kd6 Qd3+ 69. Kc6 Qf3+ 70. Kc7 Qf4+ 71.
Kb7 Qf3+ 72. Ka7 1-0

[Event "N�_LL 2008/09"]
[Site "?"]
[Date "2008.12.14"]
[Round "7"]
[White "Kummer, Helmut"]
[Black "Hellmayr, Alois"]
[Result "1/2-1/2"]
[WhiteElo "2370"]
[BlackElo "2306"]
[Annotator "B�hlerwerk : Bad V�slau/Kottingbrunn"]
[PlyCount "98"]
[EventDate "2008.11.10"]
[SourceDate "2009.01.20"]

1. d4 Nf6 2. c4 e6 3. Nc3 Bb4 4. e3 c5 5. Nge2 cxd4 6. exd4 O-O 7. a3 Be7 8.
Nf4 d5 9. cxd5 Nxd5 10. Ncxd5 exd5 11. Bd3 Nc6 12. O-O Bf6 13. Be3 g6 14. Rc1
Be6 15. Nxe6 fxe6 16. Qg4 Qd6 17. Rfd1 a6 18. Rc5 Rf7 19. b4 Rd8 20. h4 Rg7 21.
Bh6 Rf7 22. Bf4 e5 23. dxe5 Bxe5 24. Be3 b6 25. Rc2 Bh2+ 26. Kh1 Ne5 27. Qe2
Nxd3 28. Qxd3 Bf4 29. Qxa6 Bxe3 30. fxe3 Re7 31. Rcd2 Qf6 32. Rxd5 Qxh4+ 33.
Kg1 Rde8 34. Qf1 Rxe3 35. R5d4 Qg3 36. Rd8 R3e4 37. Rxe8+ Rxe8 38. Qc4+ Kh8 39.
Qd4+ Kg8 40. a4 Re1+ 41. Rxe1 Qxe1+ 42. Kh2 h5 43. Qf4 Kg7 44. Qc7+ Kh6 45. Qc4
Qe5+ 46. Kg1 Qe1+ 47. Kh2 Qe5+ 48. Kh3 Qe3+ 49. Kh2 Qe5+ 1/2-1/2

[Event "N�_LL 2008/09"]
[Site "?"]
[Date "2008.12.14"]
[Round "7"]
[White "Dornauer, Joachim"]
[Black "Lampl, Gerald"]
[Result "1/2-1/2"]
[WhiteElo "2096"]
[BlackElo "2155"]
[Annotator "B�hlerwerk : Bad V�slau/Kottingbrunn"]
[PlyCount "48"]
[EventDate "2008.11.10"]
[SourceDate "2009.01.20"]

1. d4 Nf6 2. c4 g6 3. Nf3 Bg7 4. Nc3 O-O 5. e4 d6 6. Be2 e5 7. O-O Nc6 8. d5
Ne7 9. Nd2 c5 10. Rb1 Ne8 11. b4 b6 12. a4 f5 13. a5 Nf6 14. axb6 axb6 15. bxc5
bxc5 16. Bd3 fxe4 17. Ndxe4 Nxe4 18. Nxe4 Nf5 19. Bg5 Qc7 20. Qd2 h6 21. Be3
Ra3 22. Ra1 Rb3 23. Rfb1 Rxb1+ 24. Rxb1 Bd7 1/2-1/2

[Event "N�_LL 2008/09"]
[Site "?"]
[Date "2008.12.14"]
[Round "7"]
[White "Zojer, Thomas"]
[Black "Ebner, Johann"]
[Result "1/2-1/2"]
[WhiteElo "2079"]
[BlackElo "2055"]
[Annotator "B�hlerwerk : Bad V�slau/Kottingbrunn"]
[PlyCount "22"]
[EventDate "2008.11.10"]
[SourceDate "2009.01.23"]

1. d4 Nf6 2. Nf3 g6 3. c4 Bg7 4. Nc3 O-O 5. e4 d6 6. Be2 e5 7. d5 Nbd7 8. O-O
Ne8 9. Ne1 f5 10. f3 f4 11. Nd3 h5 1/2-1/2

[Event "N�_LL 2008/09"]
[Site "?"]
[Date "2008.12.14"]
[Round "7"]
[White "Strobel, Ferdinand"]
[Black "Filip, Daniel"]
[Result "1-0"]
[WhiteElo "2047"]
[BlackElo "2075"]
[Annotator "B�hlerwerk : Bad V�slau/Kottingbrunn"]
[PlyCount "69"]
[EventDate "2008.11.10"]
[SourceDate "2009.01.23"]

1. e4 e6 2. d4 d5 3. Nd2 Nf6 4. e5 Nfd7 5. Bd3 c5 6. c3 Nc6 7. Ne2 cxd4 8. cxd4
f6 9. Nf4 Nxd4 10. Qh5+ Ke7 11. exf6+ Nxf6 12. Ng6+ hxg6 13. Qxh8 Kf7 14. O-O
e5 15. b3 Qa5 16. Bxg6+ Kxg6 17. Qxf8 Qc3 18. Rb1 Bh3 19. Qxa8 Ne2+ 20. Kh1
Bxg2+ 21. Kxg2 Nf4+ 22. Kh1 Qh3 23. Rg1+ Ng4 24. Qh8 Kf7 25. Rg3 Nxf2+ 26. Kg1
Qxh8 27. Nf3 N4h3+ 28. Kg2 Qc8 29. Nxe5+ Ke6 30. Nf3 Kf5 31. Bd2 Qc5 32. Rc1
Qa3 33. Rc2 a5 34. Be3 a4 35. Bc5 1-0

[Event "N�_LL 2008/09"]
[Site "?"]
[Date "2008.12.14"]
[Round "7"]
[White "Wiedner, Robert"]
[Black "Schmid, Thomas"]
[Result "1-0"]
[WhiteElo "2179"]
[BlackElo "2188"]
[Annotator "Stockerau : Wr.Neustadt"]
[PlyCount "45"]
[EventDate "2008.??.??"]
[TimeControl "40/1800+30:20/1800:900"]

1. Nf3 Nf6 2. c4 g6 3. g3 Bg7 4. Bg2 O-O 5. d4 d6 6. Nc3 Nbd7 7. b4 a5 8. b5 e5
9. dxe5 dxe5 10. O-O Qe7 11. Nd2 Re8 12. Rb1 Bf8 13. Qc2 Nb6 14. a4 Nfd7 15.
Nde4 f5 16. Bg5 Qg7 17. c5 fxe4 18. cxb6 cxb6 19. Nd5 Bd6 20. Bxe4 h6 21. Bxg6
Rf8 22. Be3 Nc5 23. Nxb6 1-0

[Event "N�_LL 2008/09"]
[Site "?"]
[Date "2008.12.14"]
[Round "7"]
[White "Schroll, Gerhard"]
[Black "Hangweyrer, Manfred"]
[Result "1/2-1/2"]
[WhiteElo "2395"]
[BlackElo "2323"]
[Annotator "Stockerau : Wr.Neustadt"]
[PlyCount "62"]
[EventDate "2008.??.??"]
[TimeControl "40/1800+30:20/1800:900"]

1. c4 c6 2. e4 d5 3. cxd5 cxd5 4. exd5 Nf6 5. Bb5+ Nbd7 6. Nc3 a6 7. Be2 Nb6 8.
Bf3 Nbxd5 9. Nge2 Nxc3 10. bxc3 e5 11. O-O Bd6 12. Ng3 O-O 13. d3 h6 14. Be3
Qc7 15. Qb3 Rb8 16. Ba7 Ra8 17. Bb6 Qe7 18. Rab1 Be6 19. c4 Rac8 20. Rfe1 Qd7
21. a4 Rfe8 22. Qd1 Re7 23. h3 Qe8 24. Ba5 Rb8 25. Bb4 Bxb4 26. Rxb4 b5 27.
axb5 axb5 28. Qb1 Bd7 29. cxb5 Rxb5 30. Rxb5 Bxb5 31. d4 Bd7 1/2-1/2

[Event "N�_LL 2008/09"]
[Site "?"]
[Date "2008.12.14"]
[Round "7"]
[White "Sadilek, Maximilian"]
[Black "Steiner, Adam"]
[Result "1/2-1/2"]
[WhiteElo "2156"]
[BlackElo "2184"]
[Annotator "Stockerau : Wr.Neustadt"]
[PlyCount "61"]
[EventDate "2008.??.??"]
[TimeControl "40/1800+30:20/1800:900"]

1. Nf3 d5 2. e3 Nc6 3. c4 e6 4. d4 Nf6 5. Nbd2 Bd6 6. a3 O-O 7. Bd3 Bd7 8. b4
a6 9. O-O Qe8 10. Rb1 b5 11. c5 Be7 12. e4 dxe4 13. Nxe4 Nd5 14. Bb2 Rd8 15.
Re1 Nf4 16. Bc2 f5 17. Ng3 Qg6 18. Qd2 Qg4 19. Bc1 Nd5 20. Bd1 f4 21. Ne4 Qg6
22. Bc2 Qh6 23. a4 bxa4 24. Ra1 Ndxb4 25. Bxa4 a5 26. Ba3 Nd5 27. Bxc6 Bxc6 28.
Ne5 Be8 29. Qxa5 Bg6 30. Nc6 f3 31. Qd2 1/2-1/2

[Event "N�_LL 2008/09"]
[Site "?"]
[Date "2008.12.14"]
[Round "7"]
[White "Groetz, Harald"]
[Black "Posch, Werner"]
[Result "1/2-1/2"]
[WhiteElo "2364"]
[BlackElo "2198"]
[Annotator "Stockerau : Wr.Neustadt"]
[PlyCount "46"]
[EventDate "2008.??.??"]
[TimeControl "40/1800+30:20/1800:900"]

1. e4 Nf6 2. e5 Nd5 3. d4 d6 4. Nf3 c6 5. Be2 dxe5 6. Nxe5 Nd7 7. Nf3 g6 8. O-O
Bg7 9. c4 Nc7 10. Nc3 O-O 11. Be3 e5 12. d5 cxd5 13. cxd5 Nb6 14. Bc5 Re8 15.
d6 Ne6 16. Bxb6 axb6 17. Nd5 Bd7 18. Qb3 Bc6 19. Bc4 Qxd6 {[%emt 0:00:00]} 20.
Nxb6 Ra5 21. Rfd1 Qc7 22. Bxe6 Rxe6 23. Rac1 Qe7 1/2-1/2

[Event "N�_LL 2008/09"]
[Site "?"]
[Date "2009.01.11"]
[Round "8"]
[White "Schroll, Gerhard"]
[Black "Mahdy, Khaled"]
[Result "1-0"]
[WhiteElo "2395"]
[BlackElo "2388"]
[Annotator "Krems : Wr.Neustadt"]
[PlyCount "48"]
[EventDate "2008.11.10"]
[SourceDate "2009.01.23"]

1. e4 e5 2. Nf3 Nc6 3. Bb5 Nf6 4. O-O Be7 5. Re1 d6 6. d4 Bd7 7. Nc3 exd4 8.
Nxd4 O-O 9. Bxc6 bxc6 10. b3 Re8 11. Bb2 Bf8 12. Qd3 d5 13. e5 Ng4 14. Qg3 Nh6
15. Rad1 Nf5 16. Qd3 Qg5 17. Nf3 Qh5 18. Ne2 Nh4 19. Nxh4 Qxh4 20. Nd4 Qh5 21.
f4 a6 22. Kh1 c5 23. Ne2 Re6 24. Ng3 Qh4 {Rest nicht lesbar} 1-0

[Event "N�_LL 2008/09"]
[Site "?"]
[Date "2009.01.11"]
[Round "8"]
[White "Winiwarter, Felix"]
[Black "Volkmann, Friedrich"]
[Result "1-0"]
[WhiteElo "2189"]
[BlackElo "2419"]
[Annotator "Krems : Wr.Neustadt"]
[PlyCount "113"]
[EventDate "2008.11.10"]
[SourceDate "2009.01.23"]

1. e4 e5 2. Nf3 Nf6 3. d4 Nxe4 4. dxe5 d5 5. exd6 Bxd6 6. Bd3 Nc5 7. O-O O-O 8.
Nc3 Bg4 9. h3 Bh5 10. Bf5 Nc6 11. g4 Bg6 12. Bxg6 fxg6 13. Kg2 Kh8 14. Re1 Qf6
15. Bg5 Qf7 16. Qd5 h6 17. Qxf7 Rxf7 18. Be3 a6 19. Nd4 Nxd4 20. Bxd4 Kg8 21.
Re2 Kf8 22. Rae1 Rd8 23. a3 Rf4 24. Be5 Bxe5 25. Rxe5 b6 26. Nd5 Rf7 27. Ne7
Rf6 28. R1e2 Kf7 29. Nd5 Re6 30. Nxc7 Rxe5 31. Rxe5 Rd2 32. Nd5 Rxc2 33. Nxb6
Nd3 34. Re3 Rxf2+ 35. Kg3 Rxb2 36. Nc4 Rb3 37. Ne5+ Ke6 38. Nxd3+ Kd5 39. Nb4+
Kc4 40. Rxb3 Kxb3 41. Nxa6 Kxa3 42. Nc7 Kb4 43. Ne6 Kc4 44. Kf4 Kd5 45. Nxg7
Kd6 46. g5 h5 47. Nxh5 gxh5 48. g6 Ke7 49. Kg5 Kf8 50. Kxh5 Kg7 51. Kg5 Kg8 52.
h4 Kg7 53. h5 Kg8 54. h6 Kh8 55. Kf6 Kg8 56. g7 Kh7 57. Kf7 1-0

[Event "N�_LL 2008/09"]
[Site "?"]
[Date "2009.01.11"]
[Round "8"]
[White "Todor, Razvan"]
[Black "W�ber, Friedrich"]
[Result "1/2-1/2"]
[WhiteElo "2181"]
[BlackElo "2131"]
[Annotator "Krems : Wr.Neustadt"]
[PlyCount "41"]
[EventDate "2008.11.10"]
[SourceDate "2009.01.23"]

1. c4 e6 2. Nc3 d5 3. e3 Nf6 4. Nf3 Be7 5. Be2 O-O 6. O-O c5 7. d4 Nc6 8. b3 b6
9. Bb2 cxd4 10. exd4 Bb7 11. Rc1 Rc8 12. Re1 Ne4 13. Bf1 Nxc3 14. Bxc3 Bf6 15.
Qd2 Qd6 16. Ne5 dxc4 17. Bxc4 Nxe5 18. dxe5 Qxd2 19. Bxd2 Be7 20. Bb5 Rfd8 21.
Rxc8 1/2-1/2

[Event "N�_LL 2008/09"]
[Site "?"]
[Date "2009.01.11"]
[Round "8"]
[White "Gruszka, Herbert"]
[Black "Steiner, Adam"]
[Result "0-1"]
[WhiteElo "1990"]
[BlackElo "2184"]
[Annotator "Krems : Wr.Neustadt"]
[PlyCount "100"]
[EventDate "2008.11.10"]
[SourceDate "2009.01.23"]

1. e4 c5 2. Nf3 d6 3. d4 cxd4 4. Nxd4 Nf6 5. Nc3 g6 6. Be2 Bg7 7. O-O O-O 8.
Be3 Nc6 9. Nb3 Be6 10. f4 Qc8 11. Bf3 Bc4 12. Rf2 Rd8 13. Rd2 b5 14. e5 Ne8 15.
Qe1 b4 16. Ne2 a5 17. Rad1 a4 18. Nbc1 Rb8 19. b3 axb3 20. cxb3 Bb5 21. Rc2 Qa6
22. Rd5 Rbc8 23. Rxb5 Qxb5 24. Bxc6 Rxc6 25. Nd4 Rxc2 26. Nxb5 dxe5 27. h3 exf4
28. Bxf4 e5 29. Be3 Nf6 30. Qxb4 Nd5 31. Qa5 Bf6 32. Qe1 Nxe3 33. Qxe3 Rd1+ 34.
Kh2 Rcxc1 35. Nc3 Re1 36. Qd2 e4 37. Nxe4 Be5+ 38. g3 Rh1+ 39. Kg2 Rhg1+ 40.
Kf3 Rcd1 41. Qc2 Rgf1+ 42. Ke2 Rde1+ 43. Kd3 Rc1 44. Qg2 Rfd1+ 45. Ke3 Bd4+ 46.
Kf4 Rf1+ 47. Kg4 f5+ 48. Kh4 fxe4 49. g4 Bf6+ 50. Kg3 Rc3+ 0-1